000 00344nam a2200121Ia 4500
008 220216s9999 xx 000 0 und d
100 _aMoore Arthur
245 0 _aMalayan patents relating to rubber. Part III.
260 _bJournal of the Rubber Research Institute of Malaya
_c1937
300 _a182-191
700 _aRhodes Edgar
942 _cJS
999 _c62383
_d62383